000 00541nam a2200181Ia 4500
008 151202s9999||||xx |||||||||||||| ||und||
082 _bPNVM-83198
100 _aउदारे रमेश.
245 _aतो राजहंस एक.
260 _bआमोद प्रकाशन.
260 _c2014
300 _a224
600 _aउदारे रमेश.
630 _aतो राजहंस एक.
700 _aउदारे रमेश.
730 _aतो राजहंस एक.
942 _cBOOK
999 _c1348003
_d1348000